[Event "Lübecker SV-SG Jasmund"]
[Site "?"]
[Date "2020.09.13"]
[Round "7.3"]
[White "Wellßow, Keoki"]
[Black "Poetzsch-Heffter, Frieder"]
[Result "0-1"]
[WhiteElo "1578"]
[BlackElo "1501"]
[PlyCount "134"]
[EventDate "2020.??.??"]
[WhiteTeam "SG Jasmund"]
[BlackTeam "Lübecker SV"]

1. c4 e5 2. g3 Nc6 3. Bg2 Bc5 4. Nc3 Nf6 5. a3 a6 6. e3 d6 7. Nge2 O-O 8. O-O
Bg4 9. h3 Bh5 10. b4 Ba7 11. Qc2 Qd7 12. Rd1 Rfe8 13. Bb2 Bg6 14. e4 Ne7 15. d3
c6 16. Rac1 h6 17. Rf1 Rac8 18. Kh2 d5 19. f4 exf4 20. Nxf4 dxc4 21. dxc4 Qc7
22. c5 Bb8 23. Qf2 Nh5 24. e5 Qxe5 25. Ne4 Qf5 26. Nxg6 Qxf2 27. Nxe7+ Rxe7 28.
Rxf2 Rxe4 29. Bxe4 Bxg3+ 30. Kg2 Bxf2 31. Kxf2 Nf4 32. Kf3 Nxh3 33. Bf5 Ng5+
34. Kf2 Rd8 35. Bc3 g6 36. Bc2 f5 37. Re1 Kf8 38. Rh1 h5 39. Bf6 Rd2+ 40. Ke3
Rxc2 41. Bxg5 Rc3+ 42. Kd4 Rxa3 43. Ke5 Kf7 44. Rd1 Rg3 45. Rd7+ Ke8 46. Rxb7
Rxg5 47. Ke6 Kd8 48. Kd6 Kc8 49. Kxc6 Rg4 50. Rg7 Kd8 51. Kd5 h4 52. c6 Rxb4
53. c7+ Kc8 54. Kc6 Rc4+ 55. Kb6 a5 56. Rg8+ Kd7 57. Rd8+ Ke6 58. c8=Q+ Rxc8
59. Rxc8 a4 60. Kc5 Ke5 61. Ra8 g5 62. Rxa4 h3 63. Ra1 g4 64. Re1+ Kf4 65. Rf1+
Kg3 66. Rxf5 h2 67. Rf1 Kg2 0-1

[Event "Lübecker SV-SG Jasmund"]
[Site "?"]
[Date "2020.09.13"]
[Round "7.4"]
[White "Monakhov, Boris"]
[Black "Wellßow, Lio Keanu"]
[Result "1-0"]
[WhiteElo "1359"]
[BlackElo "1207"]
[PlyCount "47"]
[EventDate "2020.??.??"]
[WhiteTeam "Lübecker SV"]
[BlackTeam "SG Jasmund"]

1. e4 e5 2. Nf3 Nc6 3. Bb5 Nf6 4. O-O Bc5 5. c3 O-O 6. d4 Bb6 7. Bg5 d5 8. exd5
Qxd5 9. Bxc6 Qxc6 10. Nxe5 Qd6 11. Re1 Nh5 12. Qxh5 f6 13. Nc4 Qc6 14. Nxb6
axb6 15. Bf4 Be6 16. b3 Bxb3 17. Re7 Rxa2 18. Qg4 g5 19. Rxa2 Bxa2 20. Rxc7 Qe8
21. Nd2 Qe1+ 22. Nf1 Bb1 23. Qd7 Re8 24. Qg7# 1-0